000 01036nam a2200301 c 4500
999 _c160539
_d160539
003 BLK
005 20220427115855.0
008 180410b bul|||||r ||||||| ||bul||
010 _aKNG00167761000
040 _aBLK
041 _aBUL
_cBUL
072 7 _2bullib
_aК
_xКраезнание
080 _aБългарска литература
_b821.163.2
_x-4
_z821.163.2-4
100 1 _aНедков, Любен
_eпърви автор
_9334909
139 _aНедков, Любен
_bН 45
245 1 0 _aАло, такси!
_bОчерци
_cЛюбен Недков.
257 _aBGR
260 _bГеорги Бакалов
_c1982
_fВарна : ДП "Стоян Добрев-Странджата"
_aВарна
300 _a127 с.
_c20 см
380 _aX
500 _a5 130 тир.
659 _aК
852 _aЦб 117111
_bЦб
852 _aК 821.163.2/Н 45 Л
856 4 _qpdf
856 4 _qpdf
942 _cKNG
_n0
_s1
944 _aCR
_c27.11.2014
_l27.11.2014 - от С1,Р / 27.11.2014
_kНора_Радева
944 _aED
_c27.11.2014
_l27.11.2014 - от С1,Р / 27.11.2014
944 _aED
_c2022-04-27
999 _d160539
999 _d160539
999 _d160539